La vida y hechos de Estebanillo González / (Record no. 60673)

MARC details
000 -LEADER
campo de control de longitud fija 00902nam a2200265 i 4500
001 - NÚMERO DE CONTROL
campo de control 60673
003 - IDENTIFICADOR DE NÚMERO DE CONTROL
campo de control ES-MaACL
005 - FECHA Y HORA DE LA ÚLTIMA TRANSACCIÓN
campo de control 20230906164301.0
007 - CAMPO FIJO DE DESCRIPCIÓN FÍSICA--INFORMACIÓN GENERAL
campo de control de longitud fija t|
008 - DATOS DE LONGITUD FIJA--INFORMACIÓN GENERAL
campo de control de longitud fija 031105s1971 sp ||||1| spa d
080 ## - NÚMERO DE LA CLASIFICACIÓN DECIMAL UNIVERSAL
Número de la Clasificación Decimal Universal 821.134.2-31"16"
245 03 - MENCIÓN DEL TÍTULO
Título La vida y hechos de Estebanillo González /
Mención de responsabilidad, etc. edición, notas y comentarios de Antonio Carreira y Jesús A. Cid ; prólogo de Juan Goytisolo.
260 ## - PUBLICACIÓN, DISTRIBUCIÓN, ETC.
Lugar de publicación, distribución, etc. Madrid :
Nombre del editor, distribuidor, etc. Narcea,
Fecha de publicación, distribución, etc. D. L. 1971.
300 ## - DESCRIPCIÓN FÍSICA
Extensión 566 p. ;
Dimensiones 19 cm.
490 1# - MENCIÓN DE SERIE
Mención de serie Bitácora. Biblioteca del estudiante ;
Designación de volumen o secuencia 19
500 ## - NOTA GENERAL
Nota general Índices.
700 1# - ENTRADA AGREGADA--NOMBRE PERSONAL
Nombre de persona Carreira, Antonio.
9 (RLIN) 35605
700 1# - ENTRADA AGREGADA--NOMBRE PERSONAL
Nombre de persona Cid, Jesús Antonio.
9 (RLIN) 38760
700 1# - ENTRADA AGREGADA--NOMBRE PERSONAL
Nombre de persona Goytisolo, Juan.
9 (RLIN) 59422
740 02 - ENTRADA AGREGADA--TÍTULO RELACIONADO/ANALÍTICO NO CONTROLADO
Título relacionado o analítico no controlado Estebanillo González.
830 0# - PUNTO DE ACCESO ADICIONAL DE SERIE-TÍTULO UNIFORME
Título uniforme Bitácora. Biblioteca del estudiante ;
Designación de volumen o secuencia 19
9 (RLIN) 181903
852 ## - LOCALIZACIÓN
Ubicación ES-MaACL
Número de control de estantería C-49713
Sublocalización o colección R.80097
852 ## - LOCALIZACIÓN
Ubicación ES-MaACL
Número de control de estantería E-13951
Encuadernación Olim P-1892
Holdings
Estatus retirado Estado de pérdida Estado de daño No para préstamo Biblioteca de origen Biblioteca actual Ubicación en estantería Fecha de adquisición Fuente de adquisición Total de préstamos Signatura topográfica completa Código de barras Visto por última vez Precio de reemplazo Tipo de ítem Koha
        Biblioteca del Ateneo de Madrid Biblioteca del Ateneo de Madrid Depósito 2 07/01/2011     E-13951 1185159 23/02/2023 23/02/2023 Libro impreso
        Biblioteca del Ateneo de Madrid Biblioteca del Ateneo de Madrid Depósito 2 17/01/2008     C-49713 1063631 23/02/2023 23/02/2023 Libro impreso